000 00386nam a22001577a 4500
005 20190603111818.0
008 190603b xxu||||| |||| 00| 0 eng d
020 _a938694-387-5
041 _aeng
100 _aKOKATE, C.K. AND OTHERS
_95023
245 _aPHARMACOGNOSY - I (G T U )
250 _a9 th Ed.
260 _aPUNE
_bNIRALI PRAKASHAN
300 _aI-4 p,
942 _cBK
999 _c5919
_d5917